Comparación de las dimensiones y características de refuerzo de los elementos estructurales de un edificio de concreto reforzado de cinco niveles, diseñado utilizando tres sistemas estructurales distintos, según las disposiciones del Código Sísmico de Costa Rica 2002
שמור ב:
| מחבר ראשי: | |
|---|---|
| פורמט: | ספר |
| יצא לאור: |
[San José, Costa Rica]
2009
|
| נושאים: | |
| תגים: |
הוספת תג
אין תגיות, היה/י הראשונ/ה לתייג את הרשומה!
|
MARC
| LEADER | 00000nam a2200000Ia 4500 | ||
|---|---|---|---|
| 003 | 001271 | ||
| 005 | 20221231144052.0 | ||
| 008 | 140114s2009 cr a 000 ||s d | ||
| 040 | |c cru CEDI | ||
| 090 | |a TFG 5794 | ||
| 100 | |a Villalobos Fernández, Enrique |9 3993 | ||
| 245 | |a Comparación de las dimensiones y características de refuerzo de los elementos estructurales de un edificio de concreto reforzado de cinco niveles, diseñado utilizando tres sistemas estructurales distintos, según las disposiciones del Código Sísmico de Costa Rica 2002 | ||
| 260 | |c 2009 |b [San José, Costa Rica] | ||
| 300 | |a 1 volumen (en varías paginaciones); ilustraciones (algunas a color) | ||
| 500 | |a Proyecto de graduación (licenciatura en ingeniería civil)--Universidad de Costa Rica. Escuela de Ingeniería Civil | ||
| 650 | |x HORMIGON ARMADO |x CONSTRUCCIONES DE HORMIGON ARMADO |x ESTRUCTURAS DE ACERO |x CODIGO SISMICO |x DISEÑO DE ESTRUCTURAS |x MUROS |x DISEÑO Y CONSTRUCCION |9 3994 | ||
| 942 | |c TFG | ||
| 999 | |c 16441 |d 16441 | ||
